000 00743nab a2200229 u 4500
001 08135
003 HDC
007 cr bn ---aaaaa
008 210129c9999 my dr|nes 0 a eng d
040 _aHDC
245 0 _aTermination of Joint Venture Pact
260 _a[no place] :
_b[publisher not identified],
_c[no year]
336 _atext
_2rdacontent
337 _acomputer
_2rdamedia
338 _aonline resource
_2rdacarrier
650 _ajoint venture pact
_98654
650 _atermination
_98655
856 _zRequest full-text at [email protected]
942 _2lcc
942 _cNEWS
942 _kNWSC 002316
999 _c5458
_d5458